India today

Bibliographic Details
Format: Electronic Journal
Language:English
Published: [New Delhi, Thomson Living Media India Ltd.]
Subjects:
Online Access:Full text available from Research Library: 05/02/2005 to present

MARC

LEADER 00000nas a2200000 4500
001 ssj0000526900
003 WaSeSS
005 20200512172242.0
006 m d
007 cr n
008 770113c19759999ii wr p s 0 a0eng
010 |a  75908882  
016 |a (AMICUS)000000133222 
022 |l 0254-8399  |y 0254-8399 
025 |a I-C-E-99 
035 |a (WaSeSS)ssj0000526900 
037 |b India Today (English), Post Box 115, New Delhi 110001 
040 |a DLC  |b eng  |c DLC  |d OCL  |d NST  |d HUL  |d NST  |d WAU  |d SYS  |d HUL  |d DLC  |d NYDWH  |d DLC  |d WAU  |d INU  |d DLC  |d HLS  |d OCLCQ  |d OCLCF  |d DLC  |d CLU  |d OCLCO  |d WAU  |d HUL  |d NLC  |d HCO  |d OCLCO  |d OCLCA  |d ZAP  |d TYC  |d ZQP  |d DLC  |d WaSeSS 
042 |a pcc 
043 |a a-ii--- 
050 0 0 |a DS401  |b .I2769 
082 0 4 |a 954/.05/05 
210 1 |a India today  |b (English) 
222 0 |a India today  |b (English) 
245 0 0 |a India today  |h [electronic resource]. 
260 |a [New Delhi,  |b Thomson Living Media India Ltd.] 
310 |a Weekly,  |b June 1997- 
321 |a Semimonthly,  |b 1975-May 1997 
362 0 |a Dec. 15, 1975- 
500 |a India today home circulated free in Delhi and NCR and India today aspire circulated free in Mumbai, Delhi & NCR, Chennai, Bangalore, and Kolkata. 
500 |a Issues for <2009-> are accompanied by CD-ROMs. 
506 |a License restrictions may limit access. 
525 |a Separately paged supplement to India today issue accompanies every monthly under the title of: India today spice, India today aspire, India today home, India today woman, India today auto, and India today pink. 
525 |a Some issues include unnumbered supplement with title: Money today. 
588 |a Latest issue consulted: Vol. 34, no. 9 (Feb. 24-Mar. 2, 2009). 
651 0 |a India  |v Periodicals. 
651 7 |a India.  |2 fast  |0 (OCoLC)fst01210276 
655 0 |a Electronic journals. 
740 0 2 |a India today aspire. 
740 0 2 |a India today home. 
740 0 2 |a India today spice. 
740 0 2 |a Money today. 
770 0 |t India today spice  |w (DLC) 2006310900  |w (OCoLC)64164697 
770 0 |t India today aspire  |w (DLC) 2018234727  |w (OCoLC)70159503 
770 0 |t India today home  |w (DLC) 2018234728  |w (OCoLC)70280819 
770 0 |t India today woman  |w (DLC) 2018234729  |w (OCoLC)173641591 
770 0 |t India today auto  |w (DLC) 2018234730  |w (OCoLC)318105380 
770 0 |t India today pink  |w (DLC) 2018234731  |w (OCoLC)243515181 
775 0 |t India today. Hindi  |w (DLC)sn 90016429  |w (OCoLC)17631024 
775 0 |t India today (North American ed.)  |x 0709-6178  |g Jan. 1979-<Aug. 1/15, 1980>  |w (DLC)cn 79039078  |w (OCoLC)4750736 
775 0 |t India today (International ed.)  |x 0254-8399  |g <Aug. 15, 1982>-May 15, 1992  |w (DLC)sc 84007949  |w (OCoLC)8800679 
775 0 |t India today (North American special ed.)  |g May 31, 1992-June 9, 1997  |w (DLC)sn 92018647  |w (OCoLC)27003242 
775 0 |t India today international  |x 1544-6689  |g June 16, 1997-  |w (DLC) 2002252067  |w (OCoLC)48896378 
850 |a AAP  |a AMAU  |a AU  |a CU  |a CU-I  |a CU-S  |a CaBVaU  |a CaMBC  |a CaOOE  |a CaOWA  |a CaSSU  |a CoFS  |a CtHT  |a CtU  |a CtW  |a DGW  |a DLC  |a FU  |a ICRL  |a ICU  |a IEN  |a KPT  |a KyLoU  |a KyU  |a MH-KG  |a MMeT  |a MNS  |a MShM  |a MU  |a MiDW  |a MnU  |a MoSW  |a MoU  |a N  |a NN  |a NNStJ  |a NRU  |a NcD  |a NcRS  |a NcU  |a NhU  |a NjP  |a OCU  |a OrU  |a PPD  |a RPB  |a TU  |a TxArU  |a TxDaM  |a UU  |a ViBlbV  |a ViW  |a VtMiM  |a WaU  |a WyU 
853 3 3 |8 1  |a v.  |b no.  |u 24  |v r  |i (year)  |j (date)  |w s 
856 4 0 |z Full text available from Research Library: 05/02/2005 to present  |u https://search.proquest.com/publication/46949 
863 4 0 |8 1  |a <15>-  |i <1990>-  |x provisional